| 000 | 00487nam a2200145Ia 4500 | ||
|---|---|---|---|
| 008 | 170224s9999 xx 000 0 und d | ||
| 100 | _aKatrien Bosquet | ||
| 245 | _aAnalysts’ earnings forecasts: coexistence and dynamics of overconfidence and strategic incentives | ||
| 245 | _cKatrien Bosquet, Peter de Goeij & Kristien Smedts | ||
| 260 | _bAccounting and Business Research | ||
| 260 | _c2015 | ||
| 300 | _a45:3, pages 307-322 | ||
| 650 | _xAccountancy | ||
| 650 | _xAccounting | ||
| 999 |
_c316095 _d316095 |
||